000 00436nam a22001457a 4500
008 140604b xxu||||| |||| 00| 0 eng d
020 _a9780192806758
050 _aQP406.F67 2009
100 _aFoster,Jonathan K
_910561
245 _aMemory
_ba very short introduction
_cJonathan K.Foster
260 _aUnited States
_bOxford University Press
_c2009
300 _a142p.;
_c17cm.
650 _aMemory
_910562
942 _2lcc
_cMONOGRAPH
_02
999 _c120602
_d120602